00595 2200229 4500001002100000005001700021008004100038035002400079082001100103090002100114100001500135245005200150250001100202260003100213300002800244500002600272650001600298850001500314985000600329999001500335999001500350YOGYA-0209000002901320090227024302.0 ind  0010-020900000029013 a621.43 a621.43bHar UlT aHARYONO, G aUraian praktis mengenal motor bakarcG. Haryono aCet. 2 aSemarangbAneka Ilmuc1989 aic, 92 hlmbilusc21 cm aBibliografi : hlm. 97 aMesin bakar aYOPDYOG(B) a1 a98P0114402 a98P0114403